Criterios de evaluación de proyectos: cómo medir la rentabilidad de las inversiones
Furkejuvvon:
| Váldodahkki: | |
|---|---|
| Materiálatiipa: | Girji |
| Giella: | espánnjágiella |
| Almmustuhtton: |
Madrid
McGraw-Hill
1993
|
| Ráidu: | Serie McGraw-Hill de Management
|
| Fáttát: | |
| Fáddágilkorat: |
Lasit fáddágilkoriid
Eai fáddágilkorat, Lasit vuosttaš fáddágilkora!
|
MARC
| LEADER | 00000nam a2200000 a 4500 | ||
|---|---|---|---|
| 001 | UCW2267 | ||
| 003 | CL-VaPUC | ||
| 008 | 930916e19930000SP |||||||||||||||||spa|d | ||
| 082 | 0 | 4 | |a 658.404 |b SAP |2 21 |
| 100 | 0 | |a Sapag Chain, Nassir |e author |9 306238 | |
| 245 | 1 | 0 | |a Criterios de evaluación de proyectos: cómo medir la rentabilidad de las inversiones |
| 300 | |a 144 p | ||
| 942 | |c BK | ||
| 945 | |d 19930916 00:00:00 | ||
| 260 | |a Madrid |b McGraw-Hill |c 1993 | ||
| 650 | 0 | |a Evaluación de proyectos |9 259341 | |
| 650 | 0 | |a Proyectos de desarrollo |9 261582 | |
| 650 | 0 | |a Gestión de proyectos |9 260970 | |
| 583 | |a last modification |c 20170510 01:09:16 |k Rodrigo Vera | ||
| 490 | 0 | |a Serie McGraw-Hill de Management | |
| 999 | |c 216846 |d 216844 | ||
| 952 | |0 0 |1 0 |4 0 |6 658_404000000000000_SAP_1993 |7 0 |8 A |9 203199 |a BIBMEC |b BIBMEC |d 2019-11-15 |i 2704153 |o 658.404 SAP 1993 |p 2704153 |r 2024-01-19 |w 2019-11-15 |y BK |k MEC | ||
| 952 | |0 0 |1 0 |4 0 |6 658_404000000000000_SAP_1993 |7 0 |8 A |9 203200 |a BIBALI |b BIBALI |c RES |d 2019-11-15 |i 3138941 |o 658.404 SAP 1993 |p 3138941 |r 2025-01-20 |w 2019-11-15 |y BK_R |k ALI | ||
| 952 | |0 0 |1 0 |4 0 |6 658_404000000000000_SAP_1993 |7 0 |8 A |9 203201 |a BIBALI |b BIBALI |c RES |d 2019-11-15 |i 313895K |o 658.404 SAP 1993 |p 313895K |r 2025-01-20 |w 2019-11-15 |y BK_R |k ALI | ||
| 952 | |0 0 |1 0 |4 0 |6 658_404000000000000_SAP_1993 |7 0 |8 A |9 203202 |a BIBALI |b BIBALI |c RES |d 2019-11-15 |i 3138968 |o 658.404 SAP 1993 |p 3138968 |r 2025-01-20 |w 2019-11-15 |y BK_R |k ALI | ||
| 952 | |0 0 |1 0 |4 0 |6 658_404000000000000_SAP_1993 |7 0 |8 A |9 203203 |a BIBING |b BIBING |d 2019-11-15 |i 1693948 |l 1 |o 658.404 SAP 1993 |p 1693948 |r 2025-04-04 |s 2025-04-01 |w 2019-11-15 |y BK |k TRA | ||
| 952 | |0 0 |1 0 |4 0 |6 658_404000000000000_SAP_1993 |7 0 |8 A |9 203204 |a BIBING |b BIBING |d 2019-11-15 |i 1693956 |o 658.404 SAP 1993 |p 1693956 |r 2025-01-20 |w 2019-11-15 |y BK |k TRA | ||
| 952 | |0 0 |1 0 |4 0 |6 658_404000000000000_SAP_1993 |7 0 |8 A |9 203205 |a BIBING |b BIBING |d 2019-11-15 |i 1693964 |o 658.404 SAP 1993 |p 1693964 |r 2025-01-20 |w 2019-11-15 |y BK |k TRA | ||
| 952 | |0 0 |1 0 |4 0 |6 658_404000000000000_SAP_1993 |7 0 |8 A |9 203206 |a BIBALI |b BIBALI |c RES |d 2019-11-15 |i 1991396 |o 658.404 SAP 1993 |p 1991396 |r 2025-01-20 |w 2019-11-15 |y BK_R |k ALI | ||
| 952 | |0 0 |1 0 |4 0 |6 658_404000000000000_SAP_1993 |7 0 |8 A |9 203207 |a BIBING |b BIBING |d 2019-11-15 |i 3674819 |o 658.404 SAP 1993 |p 3674819 |r 2025-01-20 |w 2019-11-15 |y BK |k TRA | ||
| 952 | |0 0 |1 0 |4 0 |6 658_404000000000000_SAP_1993 |7 0 |8 A |9 203208 |a BIBENE |b BIBENE |d 2019-11-15 |i 2064332 |o 658.404 SAP 1993 |p 2064332 |r 2025-01-15 |w 2019-11-15 |y BK |k ICO | ||